00732 a2200289 4500260001000000630003800010037001200048037001300060650002600073100001600099260001400115245009700129300001100226650002100237260000900258300001000267100000700277037001200284037001200296037001200308037001200320037001200332440004200344250001500386650002300401020001800424 aParis a33 - Economie. Economie politique b2, CIUF b3, Achat a3 - SCIENCES SOCIALES aGuyon, Yves bEconomica aDroit des affaires. Tome 2, entreprises en difficultés : redressement judiciaire, faillite a492 p. aAffaires : droit c1995 b25 cm lFr aDE 8026 aDE 8027 aDE 8366 aDE 8028 aDE 8391 aDroit des affaires et de l'entreprise a5è éd. aDroit des affaires a2-7178-2863-X